| 000 | 00569nam a22002057a 4500 | ||
|---|---|---|---|
| 005 | 20231011170523.0 | ||
| 008 | 231006b |||||||| |||| 00| 0 eng d | ||
| 020 | _a9780324183968 | ||
| 082 |
_a658.1511 _bING |
||
| 100 | _aIngram, Robert.W | ||
| 245 |
_aAccounting : _bInformation for Decisions |
||
| 250 | _a3rd ed. | ||
| 260 |
_aCanada _bThomson _c2005 |
||
| 300 | _a448 | ||
| 500 | _aInclude Index | ||
| 505 | _aThe Accounting Information System Product Costing and Decision Making | ||
| 650 | _aBusiness | ||
| 700 | _aIngram,Robert.W | ||
| 942 |
_iBook _6BOOK |
||
| 999 |
_c33787 _d33787 |
||